000
00357nam a2200157 4500
008
170714s2014||||xo d
245
1
0
_a
Habsburgovci v dejinách
041
1
_a
slo
044
_a
xo
_c
SK
260
_b
IKAR
_a
Bratislava
_c
2014
250
_a
1. vydanie
020
_c
5,00
300
_a
128 s.
100
1
_a
Vocelka Karl
_9
395
958
_a
APR
999
_c
21532
_d
21532